000 00304nam a2200133Ia 4500
005 20251222152023.0
008 251222s9999||||xx |||||||||||||| ||spa||
020 _a8432913219
082 _a577.699/P85/T.II
245 0 _aGuía de Campo
250 _a1ra. ed.
264 _bEdiciones Ceac
942 _cLIB
999 _c25360
_d25360